Pokédex : Première génération (Kanto) - Statistiques

Statistiques générales
  • Ce quiz a été pris 174 fois
  • Le résultat moyen est 99 sur 151
Statistiques - réponses
Numéro Pokémon % Correct
0001 Bulbizarre
99%
0002 Herbizarre
98%
0006 Dracaufeu
97%
0005 Reptincel
97%
0004 Salamèche
97%
0008 Carabaffe
96%
0007 Carapuce
96%
0009 Tortank
96%
0151 Mew
93%
0010 Chenipan
92%
0012 Papilusion
92%
0025 Pikachu
92%
0003 Florizare
91%
0150 Mewtwo
91%
0026 Raichu
90%
0018 Roucarnage
90%
0017 Roucoups
90%
0146 Sulfura
90%
0016 Roucool
89%
0144 Artikodin
88%
0011 Chrysacier
88%
0013 Aspicot
87%
0014 Coconfort
86%
0015 Dardargnan
86%
0145 Electhor
84%
0130 Léviator
81%
0129 Magicarpe
81%
0148 Draco
80%
0149 Dracolosse
80%
0133 Evoli
80%
0021 Piafabec
80%
0136 Pyroli
80%
0019 Rattata
80%
0134 Aquali
79%
0094 Ectoplasma
79%
0092 Fantominus
79%
0147 Minidraco
79%
0074 Racaillou
79%
0020 Rattatac
79%
0093 Spectrum
79%
0135 Voltali
78%
0022 Rapasdepic
77%
0059 Arcanin
76%
0063 Abra
74%
0065 Alakazam
74%
0058 Caninos
74%
0076 Grolem
74%
0095 Onix
74%
0023 Abo
73%
0064 Kadabra
72%
0024 Arbok
71%
0075 Gravalanche
71%
0044 Ortide
71%
0045 Raflesia
71%
0066 Machoc
70%
0067 Machopeur
70%
0068 Mackogneur
70%
0043 Mystherbe
70%
0120 Stari
70%
0121 Staross
70%
0131 Lokhlass
69%
0052 Miaouss
69%
0034 Nidoking
69%
0031 Nidoqueen
69%
0029 Nidoran (femelle)
69%
0032 Nidoran (mâle)
69%
0033 Nidorino
69%
0039 Rondoudou
69%
0036 Mélodelfe
68%
0035 Mélofée
68%
0030 Nidorina
68%
0078 Galopa
67%
0040 Grodoudou
67%
0077 Ponyta
67%
0126 Magmar
66%
0053 Persian
66%
0069 Chétiflor
64%
0125 Elektek
64%
0100 Voltorbe
64%
0139 Amonistar
63%
0142 Ptéra
63%
0143 Ronflex
63%
0109 Smogo
63%
0110 Smogogo
63%
0138 Amonita
62%
0101 Electrode
62%
0038 Feunard
62%
0089 Grotadmorv
62%
0140 Kabuto
62%
0113 Leveinard
62%
0042 Nosferalto
62%
0041 Nosferapti
62%
0088 Tadmorv
62%
0050 Taupiqueur
62%
0037 Goupix
61%
0141 Kabutops
61%
0124 Lippoutou
61%
0051 Triopikeur
61%
0087 Lamantine
60%
0081 Magneti
60%
0082 Magneton
60%
0086 Otaria
60%
0112 Rhinoféros
60%
0106 Kicklee
59%
0111 Rhinocorne
59%
0107 Tygnon
58%
0070 Boustiflor
57%
0027 Sabelette
57%
0028 Sablaireau
57%
0123 Insécateur
54%
0048 Mimitoss
54%
0103 Noadkoko
54%
0102 Noeunoeuf
54%
0118 Poissirène
54%
0119 Poissoroy
54%
0071 Empiflor
53%
0105 Ossatueur
53%
0104 Osselait
53%
0072 Tentacool
52%
0073 Tentacruel
51%
0085 Dodrio
50%
0084 Doduo
50%
0055 Akwakwak
49%
0097 Hypnomade
49%
0115 Kangourex
49%
0132 Métamorph
49%
0054 Psykokwak
49%
0114 Saquedeneu
49%
0128 Tauros
49%
0049 Aéromite
48%
0122 M. Mime
47%
0096 Soporifik
47%
0091 Crustabri
43%
0127 Scarabrute
43%
0057 Colosinge
41%
0056 Férosinge
41%
0137 Porygon
41%
0080 Flagadoss
40%
0117 Hypocéan
40%
0116 Hypotrempe
40%
0079 Ramoloss
40%
0090 Kokiyas
39%
0083 Canarticho
37%
0046 Paras
37%
0047 Parasect
36%
0060 Ptitard
36%
0062 Tartard
34%
0098 Krabby
33%
0099 Kraboss
33%
0061 Têtarte
31%
0108 Excelangue
27%
Aucun quiz correspondant
Distribution des résultats
% des personnes avec chaque résultat
Percentile par nombre de réponses
Votre historique - résultats
Vous n’avez pas pris ce quiz